Riconosci il Pokémon - Quiz n°924 - Statistics

Statistiche generali
  • Questo quiz è stato fatto 1 volte
  • Il punteggio medio è 10 su 10
Statistiche sulle risposte
Indizio Risposta % Corretto
Altezza 1,3 m (Forma Normale; Stato Zen); 1,7 m (Galar; Stato Zen di Galar)
100%
Sesso 50% ♂, 50% ♀
100%
Tasso di cattura 60 (14.8%)
100%
Peso 92,9 kg (Forma Normale; Stato Zen); 120,0 kg (Galar; Stato Zen di Galar)
100%
Pokémon Darmanitan
100%
Abilità Forzabruta (Stato Normale); Stato Zen (Stato Normale; Galar; Stato Zen; Stato Zen di Galar); Vigorilla (Galar)
100%
Tipo Fuoco (Stato Normale); Fuoco / Psico (Stato Zen); Ghiaccio (Galar); Ghiaccio / Fuoco (Stato Zen di Galar)
100%
Tasso di allevamento Medio-Lento
100%
Stadio evoluzione Prima evoluzione
100%
Generazione Quinta
100%
Nessun quiz corrispondente trovato
Distribuzione punteggi
Percentuale di utenti per punteggio
Percentile per numero di risposta
I tuoi punteggi nel tempo
Non hai fatto questo quiz